Normal view
MARC view
- حققه وقدم له وعلق عليه عبد التواب، رمضان
Entry Personal Name
001 - CONTROL NUMBER
- control field: 7368
003 - CONTROL NUMBER IDENTIFIER
- control field: JO-AjAnu
005 - DATE AND TIME OF LATEST TRANSACTION
- control field: 20230606071506.0
008 - FIXED-LENGTH DATA ELEMENTS
- fixed length control field: 230606|| aca||aabn | a|a d
040 ## - CATALOGING SOURCE
- Original cataloging agency: JO-AjAnu
- Transcribing agency: JO-AjAnu
100 ## - HEADING--PERSONAL NAME
- Personal name: حققه وقدم له وعلق عليه عبد التواب، رمضان
670 ## - SOURCE DATA FOUND
- Source citation: Work cat.: (JO-AjAnu)3812: حققه وقدم له وعلق عليه عبد التواب، رمضان, author, كتاب الفرق لإبن فارس اللغوي 395هـ